000 002520000a22000970004500
100 1 _aRivera Velázquez, Melvin
245 1 0 _aUna vida con sentido
300 _aVol. 49, Núm 215 (1994), Páginas 4-7
773 0 _tLa Biblia de las Américas
942 _cANA
999 _c51350
_d51350